Doing qualitative research
Spremljeno u:
| Glavni autor: | |
|---|---|
| Format: | Nepoznato |
| Izdano: |
London
SAGE Publications, Inc
1999
|
| Izdanje: | 2nd-ed. |
| Teme: | |
| Online pristup: | Visit NHRC Library |
| Oznake: |
Dodaj oznaku
Bez oznaka, Budi prvi tko označuje ovaj zapis!
|
| LEADER | 00799 a2200217 4500 | ||
|---|---|---|---|
| 003 | 969 | ||
| 005 | 20220906184538.0 | ||
| 952 | |0 0 |1 0 |2 lcc |4 0 |6 W 00020.00005/CRA/01999 |7 0 |9 332 |a NHRC |b NHRC |c CART |d 2012-05-09 |l 0 |o W 20.5/CRA/1999 |p 000969 |r 2012-05-09 |w 2012-05-09 |y BK | ||
| 999 | |c 328 |d 328 | ||
| 020 | |a 0761914978 |a 0761914986 | ||
| 060 | |a W 20.5 | ||
| 100 | |a Crabtree, Benjamin F. |a Miller, William L. |9 3965 | ||
| 245 | |a Doing qualitative research | ||
| 250 | |a 2nd-ed. | ||
| 260 | |a London |b SAGE Publications, Inc |c 1999 | ||
| 300 | |a 406p. |b xi | ||
| 500 | |a Book | ||
| 546 | |a Eng. | ||
| 650 | |a Primary care(Medicine)- Research- Methodology |a Social medicine - Research-Methodology |a Social sciences - Research - Methodology |9 3966 | ||
| 856 | |u http://nhrc.gov.np/contact/ |y Visit NHRC Library | ||
| 942 | |2 NLM |c BK | ||